000 00576nam a2200217Ia 4500
003 OSt
005 20220927105413.0
006 a|||||r|||| 00| 0
007 ta
008 220926b |||||||| |||| 00| 0 eng d
024 _a155087
037 _cReference Collections
040 _aRTL
_cRTL
_beng
041 _2eng
_aeng
082 _a"a14,273"
245 0 _aLibrary of Congress
_bSubject Catalogue.
260 _aWashington
_bLibrary of congress
_c1953
300 _a"Vii,980p"
_ccm.
942 _h"a14,273"
_cCC
999 _c692375
_d692375